|
|
|
|
| LEADER |
00000nam0a2200000 4500 |
| 001 |
242723 |
| 005 |
20231101231919.0 |
| 035 |
|
|
|a (RuTPU)RU\TPU\book\264042
|
| 090 |
|
|
|a 242723
|
| 100 |
|
|
|a 20130909d1906 k y0engy50 ba
|
| 101 |
0 |
|
|a eng
|
| 102 |
|
|
|a US
|
| 105 |
|
|
|a a z 000zy
|
| 200 |
1 |
|
|a Bulletin of the Departament Geology
|h Vol.4, №15
|a Contribution to the classification of the amphiboles
|a On some glaucophane schists syenites
|f G. Murgoci
|
| 210 |
|
|
|a Berkeley
|c The University Press
|d 1906
|
| 215 |
|
|
|a 396 s.
|c il.
|
| 300 |
|
|
|a По заказу профессора В. А. Обручева
|
| 606 |
1 |
|
|a Минералы породообразующие
|x (петрография)
|2 stltpush
|3 (RuTPU)RU\TPU\subj\44008
|9 63401
|
| 610 |
1 |
|
|a геология
|
| 610 |
1 |
|
|a минералы
|
| 610 |
1 |
|
|a амфиболы
|
| 610 |
1 |
|
|a сиениты
|
| 610 |
1 |
|
|a палеогеология
|
| 610 |
1 |
|
|a палеогеоморфология
|
| 610 |
1 |
|
|a английский язык
|
| 675 |
|
|
|a 552.18
|v 3
|
| 700 |
|
1 |
|a Murgoci
|b G.
|
| 801 |
|
1 |
|a RU
|b 63413507
|c 20130909
|
| 801 |
|
2 |
|a RU
|b 63413507
|c 20131114
|g RCR
|
| 942 |
|
|
|c BK
|